书目信息 |
| 题名: |
思想工作故事选
|
|
| 作者: | ;上海人民出版社 编 | |
| 分册: | ||
| 出版信息: | 上海 上海人民出版社 1982 |
|
| 页数: | 194页 | |
| 开本: | 19cm | |
| 丛书名: | 《党的生活》丛书 | |
| 单 册: | ||
| 中图分类: | D261.1 | |
| 科图分类: | ||
| 主题词: | 政治工作-中国共产党--文集 | |
| 电子资源: | ||
| ISBN: | ||
| 000 | 00759nam2 2200265 45 | |
| 001 | 0182008425 | |
| 005 | 20060801150855.04 | |
| 010 | @dCNY0.40 | |
| 091 | @aCN@b3074.615 | |
| 100 | @a19950622d1982 em y0chiy0121 ea | |
| 101 | 0 | @achi |
| 102 | @aCN@b310000 | |
| 105 | @ay z 000yy | |
| 200 | 10 | @a思想工作故事选@Asi xiang gong zuo gu shi xuan@f上海人民出版社编 |
| 210 | @a上海@c上海人民出版社@d1982 | |
| 215 | @a194页@d19cm | |
| 225 | 2 | @a《党的生活》丛书 |
| 410 | 0 | @120012@a《党的生活》丛书 |
| 601 | 02 | @a中国共产党@x政治工作@x文集 |
| 606 | @a政治工作-中国共产党@x文集 | |
| 690 | @aD261.1@v3 | |
| 711 | 02 | @a上海人民出版社@Ashang hai ren min chu ban she@4编 |
| 801 | 2 | @aCN@bNLC@c20060801 |
| 801 | 0 | @aCN@bTSSF@c20060731 |
| 905 | @dD261.1@e98 | |
| 思想工作故事选/上海人民出版社编.-上海:上海人民出版社,1982 |
| 194页;19cm.-(《党的生活》丛书) |
| ISBN :CNY0.40 |
| ● |
| 相关链接 |
|
|
|
|
正题名:思想工作故事选
索取号:D261.1/98
 
预约/预借
| 序号 | 登录号 | 条形码 | 馆藏地/架位号 | 状态 | 备注 |
| 1 | 0425246 | 204252469 | 密集书库/ [索取号:D261.1/98] | 在馆 | |
| 2 | 0425639 | 204256394 | 密集书库/ [索取号:D261.1/98] | 在馆 | |
| 3 | 0425640 | 204256401 | 密集书库/ [索取号:D261.1/98] | 在馆 | |
| 4 | 0426417 | 204264170 | 密集书库/ [索取号:D261.1/98] | 在馆 | |
| 5 | 0426418 | 204264189 | 密集书库/ [索取号:D261.1/98] | 在馆 | |
| 6 | 0440712 | 204407123 | 密集书库/ [索取号:D261.1/98] | 在馆 | |
| 7 | 0441259 | 204412590 | 密集书库/ [索取号:D261.1/98] | 在馆 |